[Event "0MCR_3DE_1L_1S"]
[Site "?"]
[Date "2003.??.??"]
[Round "?"]
[White "Sykora, Josef"]
[Black "Gubas, Jan"]
[Result "1-0"]
[WhiteElo "2370"]
[BlackElo "2315"]
[PlyCount "91"]
[EventDate "2003.??.??"]
[EventType "corr"]
[EventRounds "2"]
[SourceDate "2004.06.03"]

1. c4 e5 2. Nc3 Nf6 3. Nf3 Nc6 4. g3 Bb4 5. Bg2 O-O 6. O-O e4 7. Ng5 Bxc3 8.
bxc3 Re8 9. f3 e3 10. d3 d5 11. Qb3 Na5 12. Qa3 c6 13. cxd5 cxd5 14. f4 Nc6 15.
Rb1 Qc7 16. Bb2 Bg4 17. Rfe1 Rad8 18. Qa4 h6 19. Nf3 Nd7 20. Nd4 Nb6 21. Qb3
Nxd4 22. cxd4 Qd7 23. Ba3 Bh3 24. Bc5 Bxg2 25. Kxg2 Re6 26. Rf1 f5 27. Qb5 Qf7
28. Qa5 Rc8 29. Rfe1 Kh7 30. Bxb6 Rxb6 31. Rxb6 axb6 32. Qxb6 Qh5 33. Qb2 Rc7
34. a4 b6 35. Qa2 Qf7 36. Rb1 Rc6 37. Rb5 Qh5 38. Rb2 Qf7 39. Rc2 Rd6 40. Qa3
Qd7 41. a5 bxa5 42. Qxa5 Qe8 43. Qc7 Re6 44. Qc5 Qd7 45. Ra2 Qb7 46. Qf8 1-0

[Event "0MCR_3DE_1L_1S"]
[Site "?"]
[Date "2003.??.??"]
[Round "?"]
[White "Sykora, Josef"]
[Black "Hlavac, Rudolf"]
[Result "1-0"]
[WhiteElo "2370"]
[BlackElo "2303"]
[PlyCount "75"]
[EventDate "2003.??.??"]
[EventType "corr"]
[EventRounds "2"]
[SourceDate "2004.06.03"]

1. c4 e5 2. Nc3 f5 3. g3 Nf6 4. Bg2 Be7 5. Nf3 d6 6. O-O O-O 7. d3 c5 8. a3 Nc6
9. Rb1 Qe8 10. b4 Qh5 11. b5 Nd8 12. e3 Be6 13. Nd2 Qg6 14. Bb2 a6 15. Qe2 axb5
16. Nxb5 Bf7 17. f4 Qh6 18. Nf3 Bh5 19. Qd2 Bxf3 20. Bxf3 Nc6 21. Nc7 Ra7 22.
Bc3 Ng4 23. Nd5 Bd8 24. Bxg4 fxg4 25. fxe5 Rf3 26. Rxf3 gxf3 27. exd6 Qxd6 28.
Qf2 Qf8 29. Bb2 g5 30. Rf1 g4 31. h3 gxh3 32. g4 b6 33. Qxf3 Rf7 34. Qxh3 Qe8
35. Rf5 Qe6 36. Nf4 Qe7 37. Rxf7 Qxf7 38. g5 1-0

[Event "0MCR_3DE_1L_1S"]
[Site "?"]
[Date "2003.??.??"]
[Round "?"]
[White "Sykora, Josef"]
[Black "Lounek, Jan"]
[Result "1-0"]
[WhiteElo "2370"]
[BlackElo "2320"]
[PlyCount "136"]
[EventDate "2003.??.??"]
[EventType "corr"]
[EventRounds "2"]
[SourceDate "2004.06.03"]

1. c4 e5 2. Nc3 Nf6 3. Nf3 Nc6 4. g3 Bb4 5. Bg2 O-O 6. O-O e4 7. Ng5 Bxc3 8.
bxc3 Re8 9. f3 e3 10. d3 d5 11. Qb3 Na5 12. Qa3 c6 13. cxd5 cxd5 14. f4 Nc6 15.
Rb1 Qc7 16. Bb2 Bg4 17. Rfe1 Rad8 18. Qa4 h6 19. Nf3 Qd7 20. c4 d4 21. Qb5 Qc7
22. Ba1 Re7 23. h3 Bc8 24. Rf1 Qd6 25. Kh2 g5 26. Ne5 gxf4 27. Nxc6 fxg3+ 28.
Kg1 bxc6 29. Qxc6 Qxc6 30. Bxc6 Nh5 31. Rb5 Ng7 32. Rb8 Rc7 33. Bd5 Rf8 34.
Rxc8 Rfxc8 35. Bxd4 Re8 36. Kg2 Nh5 37. Rf5 Ng7 38. Rf6 Kf8 39. Bb2 Nh5 40.
Rxh6 Nf4+ 41. Kxg3 Nxe2+ 42. Kf3 Ng1+ 43. Kf4 Ne2+ 44. Kg4 f5+ 45. Kxf5 Ke7 46.
Re6+ Kd7 47. Be5 Rxe6 48. Bxe6+ Kd8 49. Ke4 Re7 50. Bf6 Nd4 51. Kxe3 Nxe6 52.
h4 Ng7+ 53. Kd4 Nh5 54. Bxe7+ Kxe7 55. Ke5 Nf6 56. d4 Ng4+ 57. Kd5 Kd7 58. Kc5
Nf6 59. Kb5 Kc7 60. Ka6 Kb8 61. d5 Ka8 62. d6 Ne4 63. c5 Kb8 64. Kb5 Nf6 65. a4
Kc8 66. Kc6 Nd7 67. h5 Ne5+ 68. Kd5 Ng4 1-0

[Event "0MCR_3DE_1L_1S"]
[Site "?"]
[Date "2003.??.??"]
[Round "?"]
[White "Sykora, Josef"]
[Black "Mikoska, Josef"]
[Result "1-0"]
[WhiteElo "2370"]
[BlackElo "2210"]
[PlyCount "75"]
[EventDate "2003.??.??"]
[EventType "corr"]
[EventRounds "2"]
[SourceDate "2004.06.03"]

1. c4 g6 2. Nf3 Bg7 3. g3 c5 4. Bg2 Nc6 5. Nc3 Nf6 6. O-O O-O 7. d4 cxd4 8.
Nxd4 Nxd4 9. Qxd4 d6 10. Qd3 Bf5 11. e4 Be6 12. b3 Nd7 13. Bd2 Ne5 14. Qe2 Nc6
15. Rac1 Qa5 16. Na4 Qc7 17. Bc3 f6 18. f4 Bf7 19. h3 Rac8 20. Kh2 Rfd8 21. Ba1
e6 22. Nc3 Qe7 23. Rcd1 f5 24. Rfe1 fxe4 25. Qxe4 Qf8 26. Qb1 h6 27. Ne4 e5 28.
Rf1 Nd4 29. fxe5 dxe5 30. Nf6+ Kh8 31. Bxb7 Rb8 32. Bd5 Bxd5 33. Nxd5 Qd6 34.
Qe4 Rf8 35. Bxd4 exd4 36. Ne7 g5 37. Ng6+ Kg8 38. Nxf8 1-0

[Event "0MCR_3DE_1L_1S"]
[Site "?"]
[Date "2003.??.??"]
[Round "?"]
[White "Sykora, Josef"]
[Black "Pecka, Josef"]
[Result "1-0"]
[WhiteElo "2370"]
[BlackElo "2285"]
[PlyCount "141"]
[EventDate "2003.??.??"]
[EventType "corr"]
[EventRounds "2"]
[SourceDate "2004.06.03"]

1. c4 g6 2. Nf3 Bg7 3. g3 Nf6 4. Bg2 O-O 5. O-O d5 6. cxd5 Nxd5 7. d4 Nb6 8.
Nc3 Nc6 9. e3 e5 10. d5 Na5 11. e4 Nac4 12. a4 a5 13. b3 Nd6 14. Ba3 f5 15. Nd2
Rf7 16. Rc1 Qf6 17. Qe2 Bd7 18. f3 Rd8 19. Nd1 c6 20. Ne3 Bh6 21. Bc5 Nbc8 22.
exf5 Bxe3+ 23. Bxe3 cxd5 24. fxg6 hxg6 25. Bf2 Ne7 26. Bb6 Ra8 27. Bc5 Nc6 28.
Qd1 Nc8 29. Re1 Be6 30. Qe2 g5 31. Nf1 N8e7 32. Ne3 Qh6 33. Qd2 Rh7 34. Bh1 Rf8
35. Re2 Rff7 36. Rce1 Qg6 37. Nc2 Bf5 38. Na3 Be6 39. Nb5 g4 40. f4 e4 41. Nd6
Rf8 42. Nxb7 Ra8 43. Nd6 Nf5 44. Nxe4 dxe4 45. Bxe4 Rc7 46. Qd6 Rac8 47. Bc2
Nxd6 48. Bxg6 Nb7 49. Bb6 Bxb3 50. Bxc7 Rxc7 51. Rc1 Nd6 52. Bc2 Bd5 53. Bd3
Ra7 54. Rc5 Bf3 55. Re6 Rd7 56. Re3 Nf7 57. h3 Nfd8 58. Rg5+ Kf8 59. hxg4 Bd1
60. Bc4 Nf7 61. Rc5 Bxa4 62. Ra3 Rd1+ 63. Bf1 Rd4 64. Rxa4 Rxa4 65. Rxc6 Ra3
66. Kg2 Ra2+ 67. Kh3 Ra1 68. Bg2 Rb1 69. g5 Rb5 70. Ra6 Rc5 71. Kg4 1-0

[Event "0MCR_3DE_1L_1S"]
[Site "?"]
[Date "2003.??.??"]
[Round "?"]
[White "Sykora, Josef"]
[Black "Prepiora, Vaclav"]
[Result "1/2-1/2"]
[WhiteElo "2370"]
[BlackElo "2360"]
[PlyCount "73"]
[EventDate "2003.??.??"]
[EventType "corr"]
[EventRounds "2"]
[SourceDate "2004.06.03"]

1. c4 Nf6 2. Nf3 d5 3. cxd5 Nxd5 4. g3 g6 5. Bg2 Bg7 6. O-O O-O 7. d4 c6 8. Nc3
Be6 9. e4 Nxc3 10. bxc3 Bc4 11. Re1 c5 12. Bf4 cxd4 13. cxd4 Nc6 14. d5 Nb4 15.
Be5 Bh6 16. Bf1 Rc8 17. d6 exd6 18. Bxd6 Nd3 19. Bxd3 Qxd6 20. Bxc4 Qxd1 21.
Raxd1 Rxc4 22. Rd7 Rc3 23. Kg2 Rc2 24. a4 Ra2 25. Rxb7 Rxa4 26. Ne5 Bg7 27. Nc6
a5 28. Ne7+ Kh8 29. Re2 Ra1 30. e5 a4 31. Ra7 a3 32. Nd5 h5 33. f4 Rd8 34. Nc3
Rb8 35. Rxf7 Rb2 36. Ra7 Bf8 37. Kh3 1/2-1/2

[Event "0MCR_3DE_1L_1S"]
[Site "?"]
[Date "2003.??.??"]
[Round "?"]
[White "Sykora, Josef"]
[Black "Strnad, Martin"]
[Result "1/2-1/2"]
[WhiteElo "2370"]
[BlackElo "2235"]
[PlyCount "134"]
[EventDate "2003.??.??"]
[EventType "corr"]
[EventRounds "2"]
[SourceDate "2004.06.03"]

1. c4 Nf6 2. Nf3 g6 3. g3 Bg7 4. Bg2 O-O 5. O-O d6 6. d4 Nbd7 7. Nc3 e5 8. h3
exd4 9. Nxd4 Re8 10. e4 Nc5 11. Re1 Nfd7 12. Be3 Ne5 13. b3 Ne6 14. Nde2 f6 15.
f4 Nf7 16. Qd2 c6 17. b4 Nc7 18. Rad1 Be6 19. Qd3 Na6 20. a3 c5 21. b5 Nc7 22.
a4 f5 23. Bf2 Rb8 24. exf5 Bxf5 25. Qf3 Qf6 26. g4 Be6 27. Qd3 b6 28. Bg3 Rbd8
29. Rf1 Qe7 30. Rde1 Kh8 31. Bc6 Bd7 32. Nd5 Nxd5 33. Bxd5 Qf6 34. Rf3 Be6 35.
Nc3 Bxd5 36. Nxd5 Qb2 37. Rb1 Qa2 38. Rf2 Qxa4 39. Kg2 a6 40. Bh4 g5 41. Bxg5
Nxg5 42. fxg5 axb5 43. Rxb5 Rf8 44. Nf6 Qa8+ 45. Kg3 Bxf6 46. gxf6 Qa7 47. g5
Qc7 48. Rf4 d5 49. cxd5 Qe5 50. h4 Rfe8 51. Rxb6 c4 52. Qd4 Qe1+ 53. Qf2 Re3+
54. Rf3 Rxf3+ 55. Kxf3 Qh1+ 56. Kf4 Qxd5 57. Qe3 Qh1 58. Kg3 Qa8 59. Kg4 Qd5
60. Re6 Qd1+ 61. Qe2 Qd7 62. Qxc4 Re8 63. Kf5 Rc8 64. Qb3 Qd4 65. Re4 Qf2+ 66.
Rf4 Rc5+ 67. Kg4 h5+ 1/2-1/2

[Event "0MCR_3DE_1L_2S"]
[Site "?"]
[Date "2003.??.??"]
[Round "?"]
[White "Bucek, Jiri"]
[Black "Hlavac, Frantisek"]
[Result "1/2-1/2"]
[WhiteElo "2300"]
[BlackElo "2405"]
[PlyCount "55"]
[EventDate "2003.??.??"]
[EventType "corr"]
[EventRounds "2"]
[SourceDate "2004.06.03"]

1. e4 c5 2. Nf3 Nc6 3. d4 cxd4 4. Nxd4 Nf6 5. Nc3 e5 6. Ndb5 d6 7. Bg5 a6 8.
Na3 b5 9. Bxf6 gxf6 10. Nd5 f5 11. Bd3 Be6 12. O-O Bxd5 13. exd5 Ne7 14. Nxb5
Bg7 15. Nc3 e4 16. Bc4 Ng6 17. Qd2 Be5 18. g3 h5 19. Rae1 h4 20. g4 Nf4 21. Kh1
Qc8 22. b3 Rg8 23. Ne2 Nh3 24. Nd4 f4 25. Nf5 Rxg4 26. f3 Qxf5 27. fxg4 Qg6 28.
Be2 1/2-1/2

[Event "0MCR_3DE_1L_2S"]
[Site "?"]
[Date "2003.??.??"]
[Round "?"]
[White "Bucek, Jiri"]
[Black "Hnilicka, Michal"]
[Result "1/2-1/2"]
[WhiteElo "2300"]
[BlackElo "2090"]
[PlyCount "41"]
[EventDate "2003.??.??"]
[EventType "corr"]
[EventRounds "2"]
[SourceDate "2004.06.03"]

1. e4 e5 2. Nf3 Nf6 3. Nc3 Nc6 4. Bc4 Nxe4 5. Nxe4 d5 6. Bd3 dxe4 7. Bxe4 Bd6
8. O-O O-O 9. Re1 Bg4 10. c3 Qd7 11. Qc2 Kh8 12. h3 Bh5 13. d3 Nd8 14. Nd2 f5
15. Bf3 Bxf3 16. Nxf3 Nf7 17. Bd2 Rad8 18. c4 Rfe8 19. Bc3 c6 20. Re2 a6 21. b4
1/2-1/2

[Event "0MCR_3DE_1L_2S"]
[Site "?"]
[Date "2003.??.??"]
[Round "?"]
[White "Bucek, Jiri"]
[Black "Kuta, Jiri"]
[Result "1/2-1/2"]
[WhiteElo "2300"]
[BlackElo "2305"]
[PlyCount "51"]
[EventDate "2003.??.??"]
[EventType "corr"]
[EventRounds "2"]
[SourceDate "2004.06.03"]

1. e4 c5 2. Nf3 Nc6 3. d4 cxd4 4. Nxd4 Nf6 5. Nc3 e5 6. Ndb5 d6 7. Nd5 Nxd5 8.
exd5 Nb8 9. c4 Be7 10. Be2 Nd7 11. Be3 O-O 12. O-O a6 13. Nc3 f5 14. f4 Bf6 15.
fxe5 Bxe5 16. Qd2 Qh4 17. Bf4 g5 18. g3 Bxf4 19. Rxf4 Qh6 20. Rf2 Ne5 21. Raf1
Bd7 22. Qd4 Rae8 23. Kh1 Rf6 24. b4 Ref8 25. c5 f4 26. gxf4 1/2-1/2

[Event "0MCR_3DE_1L_2S"]
[Site "?"]
[Date "2003.??.??"]
[Round "?"]
[White "Bucek, Jiri"]
[Black "Necesany, Zdenek"]
[Result "1/2-1/2"]
[WhiteElo "2300"]
[BlackElo "2215"]
[PlyCount "53"]
[EventDate "2003.??.??"]
[EventType "corr"]
[EventRounds "2"]
[SourceDate "2004.06.03"]

1. e4 c5 2. Nf3 Nc6 3. d4 cxd4 4. Nxd4 Nf6 5. Nc3 e5 6. Ndb5 d6 7. Nd5 Nxd5 8.
exd5 Nb8 9. Be3 a6 10. Na3 Nd7 11. Be2 Be7 12. Qd2 O-O 13. Nc4 f5 14. f4 exf4
15. Bxf4 Nc5 16. a4 Bf6 17. O-O Ne4 18. Qb4 a5 19. Qb3 b6 20. Rae1 Ba6 21. Be3
g6 22. Nd2 Nxd2 23. Bxd2 Bxe2 24. Rxe2 Be5 25. Bf4 Bxf4 26. Rxf4 Re8 27. Rff2
1/2-1/2

[Event "0MCR_3DE_1L_2S"]
[Site "?"]
[Date "2003.??.??"]
[Round "?"]
[White "Bucek, Jiri"]
[Black "Pravec, Ladislav"]
[Result "1/2-1/2"]
[WhiteElo "2300"]
[BlackElo "2265"]
[PlyCount "39"]
[EventDate "2003.??.??"]
[EventType "corr"]
[EventRounds "2"]
[SourceDate "2004.06.03"]

1. e4 c5 2. Nf3 Nc6 3. d4 cxd4 4. Nxd4 Nf6 5. Nc3 d6 6. f3 Nxd4 7. Qxd4 g6 8.
Bb5+ Bd7 9. Bxd7+ Qxd7 10. Be3 Bg7 11. Qd3 O-O 12. O-O Qc6 13. Rad1 Rfc8 14.
Rf2 Qc4 15. Qxc4 Rxc4 16. Rfd2 Kf8 17. Ne2 Nd7 18. c3 b5 19. Kf2 Ke8 20. Nf4
1/2-1/2

[Event "0MCR_3DE_1L_2S"]
[Site "?"]
[Date "2003.??.??"]
[Round "?"]
[White "Bucek, Jiri"]
[Black "Strnad, Jiri"]
[Result "1/2-1/2"]
[WhiteElo "2300"]
[BlackElo "2180"]
[PlyCount "53"]
[EventDate "2003.??.??"]
[EventType "corr"]
[EventRounds "2"]
[SourceDate "2004.06.03"]

1. e4 e5 2. Nf3 Nc6 3. Bb5 a6 4. Bxc6 dxc6 5. O-O Bg4 6. h3 h5 7. d3 Qf6 8.
Nbd2 g5 9. Nc4 Bxf3 10. Qxf3 Qxf3 11. gxf3 f6 12. h4 gxh4 13. f4 exf4 14. Bxf4
b5 15. Ne3 Bd6 16. Bxd6 cxd6 17. f3 Ne7 18. Kf2 d5 19. Rh1 dxe4 20. fxe4 f5 21.
Rxh4 fxe4 22. dxe4 Kd7 23. Rah1 Raf8+ 24. Ke1 Ng6 25. Rxh5 Rxh5 26. Rxh5 Rf4
27. Rg5 1/2-1/2

[Event "0MCR_3DE_1L_2S"]
[Site "?"]
[Date "2003.??.??"]
[Round "?"]
[White "Bucek, Jiri"]
[Black "Svrsek, Radomir"]
[Result "1-0"]
[WhiteElo "2300"]
[BlackElo "2230"]
[PlyCount "111"]
[EventDate "2003.??.??"]
[EventType "corr"]
[EventRounds "2"]
[SourceDate "2004.06.03"]

1. e4 e5 2. Nf3 Nc6 3. Bb5 a6 4. Bxc6 dxc6 5. O-O Qf6 6. d4 exd4 7. Bg5 Qg6 8.
Qxd4 Bd6 9. Nbd2 f6 10. e5 fxe5 11. Rfe1 Be6 12. Rxe5 Bxe5 13. Qxe5 h6 14. Bh4
Ne7 15. Re1 Nf5 16. c3 O-O 17. Qxe6+ Qxe6 18. Rxe6 Rfe8 19. Rxe8+ Rxe8 20. Kf1
g5 21. Bg3 Nxg3+ 22. hxg3 c5 23. g4 Kg7 24. Ne1 Rd8 25. Ke2 Re8+ 26. Kd1 Kg6
27. f3 b6 28. Nc2 Re5 29. Ne4 c4 30. Nb4 a5 31. Nc6 Rb5 32. Kc2 a4 33. Ne7+ Kf7
34. Nf5 Kg6 35. Ne3 Ra5 36. Nxc4 Ra8 37. Ne3 Rd8 38. c4 c6 39. c5 bxc5 40. Nxc5
Re8 41. Kd3 Rd8+ 42. Kc3 Re8 43. Ne4 Rb8 44. Nf5 Rb7 45. Nd4 Re7 46. Kc4 Ra7
47. Nc5 h5 48. gxh5+ Kxh5 49. g4+ Kh6 50. Nxc6 Ra8 51. Kb5 Rf8 52. Kxa4 Rxf3
53. b4 Rg3 54. Ne5 Rg2 55. a3 Re2 56. Ncd7 1-0

[Event "0MCR_3DE_1L_2S"]
[Site "?"]
[Date "2003.??.??"]
[Round "?"]
[White "Hlavac, Frantisek"]
[Black "Bucek, Jiri"]
[Result "1-0"]
[WhiteElo "2405"]
[BlackElo "2300"]
[PlyCount "53"]
[EventDate "2003.??.??"]
[EventType "corr"]
[EventRounds "2"]
[SourceDate "2004.06.03"]

1. e4 e5 2. Nf3 Nc6 3. Bb5 a6 4. Ba4 Nf6 5. O-O Be7 6. Re1 b5 7. Bb3 d6 8. c3
O-O 9. h3 Bb7 10. d4 Nd7 11. Nbd2 exd4 12. cxd4 Bf6 13. Nf1 Re8 14. Ng3 Na5 15.
Bc2 g6 16. Bh6 c5 17. e5 dxe5 18. dxc5 Nc4 19. Ne4 Be7 20. b4 a5 21. a3 Nf6 22.
Nc3 Qxd1 23. Rexd1 Red8 24. Nxb5 Bc6 25. Nc7 Ra7 26. Rxd8+ Bxd8 27. b5 1-0

[Event "0MCR_3DE_1L_2S"]
[Site "?"]
[Date "2003.??.??"]
[Round "?"]
[White "Hlavac, Frantisek"]
[Black "Hnilicka, Michal"]
[Result "1-0"]
[WhiteElo "2405"]
[BlackElo "2090"]
[PlyCount "43"]
[EventDate "2003.??.??"]
[EventType "corr"]
[EventRounds "2"]
[SourceDate "2004.06.03"]

1. e4 e5 2. Nf3 Nf6 3. Nc3 Nc6 4. d4 exd4 5. Nd5 Nxe4 6. Qe2 f5 7. Bg5 Be7 8.
h4 Bxg5 9. Nxg5 O-O 10. Qh5 h6 11. O-O-O Na5 12. Bd3 c6 13. Bxe4 fxe4 14. Qg6
hxg5 15. hxg5 cxd5 16. Rh7 Qxg5+ 17. Qxg5 Kxh7 18. Rh1+ Kg8 19. Qxd5+ Rf7 20.
Qxa5 d6 21. Qd8+ Rf8 22. Qxd6 1-0

[Event "0MCR_3DE_1L_2S"]
[Site "?"]
[Date "2003.??.??"]
[Round "?"]
[White "Hlavac, Frantisek"]
[Black "Kuta, Jiri"]
[Result "1/2-1/2"]
[WhiteElo "2405"]
[BlackElo "2305"]
[PlyCount "80"]
[EventDate "2003.??.??"]
[EventType "corr"]
[EventRounds "2"]
[SourceDate "2004.06.03"]

1. e4 e5 2. Nf3 Nc6 3. Bb5 a6 4. Ba4 Nf6 5. O-O Be7 6. Re1 b5 7. Bb3 d6 8. c3
O-O 9. h3 Bb7 10. d4 Re8 11. Ng5 Rf8 12. Nf3 Nd7 13. a4 Bf6 14. Na3 exd4 15.
cxd4 Re8 16. Qd2 Re7 17. Bc2 Qe8 18. axb5 axb5 19. Rb1 b4 20. Nb5 Qb8 21. Bd3
Ra5 22. Qc2 Ba8 23. Qe2 Nd8 24. Bd2 Bxe4 25. Bxe4 Qxb5 26. Qxb5 Rxb5 27. Bd3
Rb8 28. Rxe7 Bxe7 29. Re1 Bf8 30. h4 c5 31. Bf5 Nf6 32. dxc5 dxc5 33. Bg5 Rb6
34. Ne5 h6 35. Bf4 Ne6 36. Bg3 Ra6 37. Bd3 Ra2 38. Nxf7 Kxf7 39. Bc4 Rxb2 40.
Bxe6+ Kg6 1/2-1/2

[Event "0MCR_3DE_1L_2S"]
[Site "?"]
[Date "2003.??.??"]
[Round "?"]
[White "Hlavac, Frantisek"]
[Black "Necesany, Zdenek"]
[Result "1-0"]
[WhiteElo "2405"]
[BlackElo "2215"]
[PlyCount "93"]
[EventDate "2003.??.??"]
[EventType "corr"]
[EventRounds "2"]
[SourceDate "2004.06.03"]

1. e4 c5 2. d4 cxd4 3. c3 dxc3 4. Nxc3 Nc6 5. Nf3 d6 6. Bc4 e6 7. O-O Be7 8.
Qe2 a6 9. Rd1 Qc7 10. Bf4 Nf6 11. e5 Nh5 12. Bg5 Bxg5 13. Nd5 Qd8 14. Nxg5 Nf4
15. Qf3 Qxg5 16. Nc7+ Kd7 17. Nxa8 Nxe5 18. Qg3 Qxg3 19. hxg3 Nxc4 20. gxf4 b5
21. b3 Bb7 22. bxc4 Rxa8 23. Rd4 Bc6 24. f3 d5 25. cxd5 exd5 26. f5 Kd6 27. Kf2
Ke5 28. Rd2 g6 29. Rc1 Kd6 30. fxg6 fxg6 31. Rdc2 Rc8 32. g4 h5 33. g5 d4 34.
f4 d3 35. Rc3 d2 36. Rd3+ Ke7 37. Rxd2 Bd7 38. Rxc8 Bxc8 39. Rc2 Be6 40. Rc7+
Kf8 41. a3 a5 42. Ra7 a4 43. Rb7 Bc4 44. f5 gxf5 45. Kg3 Bd3 46. Kf4 h4 47. g6
1-0

[Event "0MCR_3DE_1L_2S"]
[Site "?"]
[Date "2003.??.??"]
[Round "?"]
[White "Hlavac, Frantisek"]
[Black "Pravec, Ladislav"]
[Result "0-1"]
[WhiteElo "2405"]
[BlackElo "2265"]
[PlyCount "82"]
[EventDate "2003.??.??"]
[EventType "corr"]
[EventRounds "2"]
[SourceDate "2004.06.03"]

1. e4 c5 2. d4 cxd4 3. c3 dxc3 4. Nxc3 Nc6 5. Nf3 e6 6. Bc4 Nf6 7. Qe2 d6 8.
O-O Be7 9. Rd1 e5 10. Be3 O-O 11. a3 Be6 12. b4 Rc8 13. Bxe6 fxe6 14. Rac1 Qe8
15. Qa2 Nd8 16. Qb3 a6 17. a4 b5 18. axb5 axb5 19. h3 Rc4 20. Nd2 Rc7 21. Kh2
Rb7 22. Ra1 Qc6 23. Rdc1 Qd7 24. Nf3 Nf7 25. Rd1 Rc8 26. Ra5 Rcb8 27. Qa2 h6
28. Qb3 Qc6 29. Rc1 Nxe4 30. Nxe4 Qxe4 31. Qxe6 Qxb4 32. Ra2 Qe4 33. Nd2 Qd3
34. Rac2 Bf6 35. Qg4 Kh7 36. Ne4 d5 37. Nc5 Qg6 38. Nxb7 Qxg4 39. hxg4 Rxb7 40.
Rc7 Nd6 41. Bc5 Rxc7 0-1

[Event "0MCR_3DE_1L_2S"]
[Site "?"]
[Date "2003.??.??"]
[Round "?"]
[White "Hlavac, Frantisek"]
[Black "Strnad, Jiri"]
[Result "1/2-1/2"]
[WhiteElo "2405"]
[BlackElo "2180"]
[PlyCount "50"]
[EventDate "2003.??.??"]
[EventType "corr"]
[EventRounds "2"]
[SourceDate "2004.06.03"]

1. e4 e6 2. d4 d5 3. e5 c5 4. Nc3 a6 5. dxc5 Nc6 6. Nf3 Bxc5 7. Bd3 Nge7 8. O-O
Ng6 9. Re1 Qc7 10. Be3 Bb4 11. Bd2 Bc5 12. a3 O-O 13. Be3 Bxe3 14. Rxe3 d4 15.
Nxd4 Ncxe5 16. Nf3 Nxd3 17. Rxd3 b6 18. Qd2 Bb7 19. Rd7 Qc8 20. Rd3 Bxf3 21.
Rxf3 Qc7 22. Re1 Rad8 23. Rd3 Nf4 24. Rd4 Rxd4 25. Qxd4 b5 1/2-1/2

[Event "0MCR_3DE_1L_2S"]
[Site "?"]
[Date "2003.??.??"]
[Round "?"]
[White "Hlavac, Frantisek"]
[Black "Svrsek, Radomir"]
[Result "1/2-1/2"]
[WhiteElo "2405"]
[BlackElo "2230"]
[PlyCount "43"]
[EventDate "2003.??.??"]
[EventType "corr"]
[EventRounds "2"]
[SourceDate "2004.06.03"]

1. e4 c6 2. d4 d5 3. exd5 cxd5 4. c3 Nf6 5. Bf4 Nc6 6. Nf3 Nh5 7. Be3 e6 8. Ne5
Nf6 9. Nd2 Bd6 10. f4 Qb6 11. Qb3 Qxb3 12. axb3 O-O 13. Bd3 Ne7 14. O-O Nf5 15.
Rfe1 Nxe3 16. Rxe3 Ne8 17. g3 f6 18. Ng4 Nc7 19. b4 Bd7 20. Ree1 a6 21. Kg2 Bc6
22. Ra2 1/2-1/2

[Event "0MCR_3DE_1L_2S"]
[Site "?"]
[Date "2003.??.??"]
[Round "?"]
[White "Hnilicka, Michal"]
[Black "Bucek, Jiri"]
[Result "1/2-1/2"]
[WhiteElo "2090"]
[BlackElo "2300"]
[PlyCount "42"]
[EventDate "2003.??.??"]
[EventType "corr"]
[EventRounds "2"]
[SourceDate "2004.06.03"]

1. e4 e5 2. Nf3 Nc6 3. Bc4 Nf6 4. d4 exd4 5. e5 Ng4 6. Qe2 Qe7 7. Bf4 d6 8.
exd6 cxd6 9. Nbd2 Bf5 10. Nb3 Qxe2+ 11. Bxe2 d3 12. cxd3 Nge5 13. Kd2 Be7 14.
Nbd4 Nxf3+ 15. Nxf3 O-O 16. h3 Rac8 17. Bg5 Bxg5+ 18. Nxg5 h6 19. Ne4 Rfd8 20.
Bg4 Bxg4 21. hxg4 d5 1/2-1/2

[Event "0MCR_3DE_1L_2S"]
[Site "?"]
[Date "2003.??.??"]
[Round "?"]
[White "Hnilicka, Michal"]
[Black "Hlavac, Frantisek"]
[Result "0-1"]
[WhiteElo "2090"]
[BlackElo "2405"]
[PlyCount "70"]
[EventDate "2003.??.??"]
[EventType "corr"]
[EventRounds "2"]
[SourceDate "2004.06.03"]

1. e4 c5 2. Nf3 Nc6 3. d4 cxd4 4. Nxd4 Nf6 5. Nc3 e5 6. Ndb5 d6 7. Bg5 a6 8.
Na3 b5 9. Bxf6 gxf6 10. Nd5 f5 11. Bxb5 axb5 12. Nxb5 Ra4 13. c4 Rxc4 14. O-O
Be7 15. Rc1 Rc5 16. Nxe7 Kxe7 17. Rxc5 dxc5 18. Qc1 Nd4 19. Qxc5+ Kf6 20. Nd6
f4 21. Nxc8 Qxc8 22. Qd6+ Qe6 23. Qxe6+ Kxe6 24. f3 Rc8 25. Rf2 h5 26. Rd2 Rc1+
27. Kf2 h4 28. h3 Kd6 29. b4 Ra1 30. b5 Kc5 31. Rb2 Kb6 32. a4 f5 33. exf5 Nxf5
34. Ke2 Rxa4 35. Kd3 Ne3 0-1

[Event "0MCR_3DE_1L_2S"]
[Site "?"]
[Date "2003.??.??"]
[Round "?"]
[White "Hnilicka, Michal"]
[Black "Kuta, Jiri"]
[Result "0-1"]
[WhiteElo "2090"]
[BlackElo "2305"]
[PlyCount "78"]
[EventDate "2003.??.??"]
[EventType "corr"]
[EventRounds "2"]
[SourceDate "2004.06.03"]

1. e4 c5 2. Nf3 Nc6 3. d4 cxd4 4. Nxd4 Nf6 5. Nc3 e5 6. Ndb5 d6 7. Bg5 a6 8.
Na3 b5 9. Bxf6 gxf6 10. Nd5 f5 11. Bxb5 axb5 12. Nxb5 Ra4 13. c4 Qa5+ 14. b4
Rxb4 15. O-O Rxb5 16. cxb5 Nd4 17. Qh5 Be6 18. Nf6+ Kd8 19. b6 Be7 20. Qg5 Qxb6
21. Qg7 Rf8 22. Nxh7 Re8 23. Ng5 Bxg5 24. Qxg5+ Kd7 25. exf5 Bc4 26. Rab1 Qa6
27. Rfe1 Qa8 28. Qg4 Bd3 29. Rbd1 Rg8 30. Qxg8 Nf3+ 31. Kh1 Qxg8 32. gxf3 Bxf5
33. Rxe5 Bh3 34. Rg1 Qxg1+ 35. Kxg1 dxe5 36. f4 e4 37. Kh1 Kc6 38. Kg1 Kb5 39.
Kh1 Ka4 0-1

[Event "0MCR_3DE_1L_2S"]
[Site "?"]
[Date "2003.??.??"]
[Round "?"]
[White "Hnilicka, Michal"]
[Black "Necesany, Zdenek"]
[Result "0-1"]
[WhiteElo "2090"]
[BlackElo "2215"]
[PlyCount "142"]
[EventDate "2003.??.??"]
[EventType "corr"]
[EventRounds "2"]
[SourceDate "2004.06.03"]

1. e4 e5 2. Nf3 Nc6 3. Bc4 Bc5 4. O-O Nf6 5. d4 Bxd4 6. Nxd4 Nxd4 7. Bg5 d6 8.
f4 Qe7 9. f5 h6 10. Bh4 Bd7 11. c3 Nc6 12. a4 a5 13. Nd2 O-O 14. Kh1 Kh7 15.
Qf3 Nb8 16. b3 Bc6 17. Qe2 Nbd7 18. Rad1 g5 19. fxg6+ fxg6 20. Rf3 g5 21. Bf2
Nh5 22. Bg1 Nf4 23. Qe3 Nf6 24. Rdf1 Qe8 25. Qe1 Qg6 26. Re3 b6 27. h3 g4 28.
h4 N6h5 29. Bh2 Rf6 30. Rg1 Raf8 31. Rf1 Ng7 32. Bg3 Qh5 33. Rg1 Kh8 34. Bh2
Ng6 35. g3 Ne6 36. Rf1 Nef4 37. b4 axb4 38. cxb4 d5 39. exd5 Nxd5 40. Rxf6
Nxf6+ 41. Kg1 Qf5 42. a5 bxa5 43. bxa5 e4 44. Nb3 Ne5 45. Nd4 Qd7 46. Nxc6 Qxc6
47. Qb4 Nfd7 48. Qb5 Qxc4 49. Qxc4 Nxc4 50. Rxe4 Nde5 51. Kg2 Ra8 52. Bg1 Rxa5
53. Bd4 Kh7 54. Bc3 Ra2+ 55. Kf1 Ra3 56. Rxe5 Nxe5 57. Bxe5 c5 58. Ke2 Kg6 59.
Bd6 Rc3 60. Kd2 Rf3 61. Bxc5 Rxg3 62. Ke2 Kh5 63. Bf8 Rf3 64. Be7 Rf7 65. Bd8
g3 66. Ba5 g2 67. Bb6 Rf1 68. Bf2 g1=Q 69. Bxg1 Rxg1 70. Kf2 Rg4 71. Ke3 Kxh4
0-1

[Event "0MCR_3DE_1L_2S"]
[Site "?"]
[Date "2003.??.??"]
[Round "?"]
[White "Hnilicka, Michal"]
[Black "Pravec, Ladislav"]
[Result "1/2-1/2"]
[WhiteElo "2090"]
[BlackElo "2265"]
[PlyCount "68"]
[EventDate "2003.??.??"]
[EventType "corr"]
[EventRounds "2"]
[SourceDate "2004.06.03"]

1. e4 c5 2. Nf3 Nc6 3. d4 cxd4 4. Nxd4 Nf6 5. Nc3 d6 6. Bg5 e6 7. Qd2 Be7 8.
O-O-O O-O 9. f4 h6 10. Bh4 e5 11. Nf5 Bxf5 12. exf5 exf4 13. Kb1 d5 14. Bxf6
Bxf6 15. Nxd5 Be5 16. Bc4 b5 17. Bxb5 Rb8 18. c4 Nd4 19. Rhe1 f6 20. a4 a6 21.
Bxa6 Rb3 22. Bb5 Qa8 23. Nb6 Qa7 24. Nd7 Nxb5 25. cxb5 Rxb2+ 26. Qxb2 Bxb2 27.
Nxf8 Qxa4 28. Ng6 Qa1+ 29. Kc2 Qa4+ 30. Kxb2 Qxb5+ 31. Kc1 Qc6+ 32. Kd2 Qd5+
33. Kc3 Qc5+ 34. Kd2 Qd5+ 1/2-1/2